NLSUI OPAC header image

S.M. Lahiri's the Transfer of Property Act (Act IV of 1882) / (Record no. 17524)

MARC details
000 -LEADER
fixed length control field 01760cam a2200421 a 4500
001 - CONTROL NUMBER
control field 11832891
005 - DATE AND TIME OF LATEST TRANSACTION
control field 20260420080403.0
008 - FIXED-LENGTH DATA ELEMENTS--GENERAL INFORMATION
fixed length control field 990909s1999 ii l 001 0 eng
010 ## - LIBRARY OF CONGRESS CONTROL NUMBER
LC control number 99938383
020 ## - INTERNATIONAL STANDARD BOOK NUMBER
International Standard Book Number 8187141190
020 ## - INTERNATIONAL STANDARD BOOK NUMBER
International Standard Book Number 9788187141198
025 ## - OVERSEAS ACQUISITION NUMBER
Overseas acquisition number I-E-99-938383; 76-13
035 ## - SYSTEM CONTROL NUMBER
System control number 11832891
035 ## - SYSTEM CONTROL NUMBER
System control number (DLC) 99938383
037 ## - SOURCE OF ACQUISITION
Source of stock number/acquisition Library of Congress -- New Delhi Field Office
Terms of availability Rs795.00
040 ## - CATALOGING SOURCE
Original cataloging agency DLC
Transcribing agency DLC
Modifying agency DLC
042 ## - AUTHENTICATION CODE
Authentication code lcode
043 ## - GEOGRAPHIC AREA CODE
Geographic area code a-ii---
082 ## - DEWEY DECIMAL CLASSIFICATION NUMBER
Classification number 346.0436 LAH-2
100 1# - MAIN ENTRY--PERSONAL NAME
Personal name Lahiri, S.M.
245 10 - TITLE STATEMENT
Title S.M. Lahiri's the Transfer of Property Act (Act IV of 1882) /
Statement of responsibility, etc. S.M. Lahiri and P.M. Bakshi
250 ## - EDITION STATEMENT
Edition statement 11th ed.
260 ## - PUBLICATION, DISTRIBUTION, ETC.
Place of publication, distribution, etc. New Delhi :
Name of publisher, distributor, etc. India Law House,
Date of publication, distribution, etc. 1999.
300 ## - PHYSICAL DESCRIPTION
Extent ccxvi, 1072 p. ;
Dimensions 25 cm.
365 ## - TRADE PRICE
Price amount Rs. 995
500 ## - GENERAL NOTE
General note Includes index.
505 ## - FORMATTED CONTENTS NOTE
Formatted contents note • Chapter I Preliminary<br/>• Chapter II: Of Transfers of Property By Act of Parties;<br/>• Chapter III Of Sales of Immovable Property<br/>• Chapter IV Of Mortgages of Immovable Property and Charges;<br/>• Chapter V Of Leases of Immovable Property;<br/>• Chapter VI Of Exchanges<br/>• Chapter VII Of Gifts<br/>• Chapter VIII Of Transfers of Actionable Claims<br/>• Appendix A<br/>• Appendix B<br/>• Appendix C
650 #0 - SUBJECT ADDED ENTRY--TOPICAL TERM
Topical term or geographic name entry element Vendors and purchasers
Geographic subdivision India.
650 #0 - SUBJECT ADDED ENTRY--TOPICAL TERM
Topical term or geographic name entry element Land titles
General subdivision Registration and transfer
Geographic subdivision India.
650 #0 - SUBJECT ADDED ENTRY--TOPICAL TERM
Topical term or geographic name entry element Transfer (Law)
Geographic subdivision India.
650 #0 - SUBJECT ADDED ENTRY--TOPICAL TERM
Topical term or geographic name entry element Mortgages
Geographic subdivision India.
700 1# - ADDED ENTRY--PERSONAL NAME
Personal name Bakshi, P.M.
710 2# - ADDED ENTRY--CORPORATE NAME
Corporate name or jurisdiction name as entry element India.
Title of a work Transfer of Proverty Act, 1882.
Date of a work 1999.
906 ## - LOCAL DATA ELEMENT F, LDF (RLIN)
a 7
b cbc
c origode
d 2
e ncip
f 19
g y-gencatlg
942 ## - ADDED ENTRY ELEMENTS (KOHA)
Source of classification or shelving scheme Dewey Decimal Classification
Koha item type BOOKs
Holdings
Withdrawn status Lost status Damaged status Not for loan Home library Current library Shelving location Date acquired Cost, normal purchase price Total Checkouts Full call number Barcode Date last seen Price effective from Koha item type Date last checked out
        . .   30.05.2017 995.00   346.0436 LAH-1 16616 14.06.2024 30.05.2017 BOOKs  
        . . NAB Compactor 30.05.2017 995.00 1 346.0436 LAH-2 16617 27.05.2024 30.05.2017 BOOKs 26.05.2024
        . . NAB Compactor 30.05.2017 995.00   346.0436 LAH-3 16618 14.06.2024 30.05.2017 BOOKs